000 00652nam a2200241Ia 4500
003 OSt
005 20221007080857.0
006 a|||||r|||| 00| 0
007 ta
008 221006b |||||||| |||| 00| 0 eng d
024 _a13,121
037 _cTextual
040 _aFLL
_cFLL
_beng
041 _2eng
_aeng
082 _aV73:1:N7, L3.3
100 _aBanner James M. Ed.
245 0 _aUnderstanding the American experience
260 _aNew York
_bHarcourt Brace Jovanovich U.S.A.
_c1973
300 _a472p
_ccm.
490 _vVol.3
942 _hV73:1:N7, L3.3
_cTEXL
_2CC
999 _c1161219
_d1161219